[Event "BEL-chT 1819"]
[Site "Belgium"]
[Date "2019.02.24"]
[Round "8.3"]
[White "Carmeille, Ludovic"]
[Black "Pruijssers, Roeland"]
[Result "0-1"]
[WhiteElo "2264"]
[BlackElo "2506"]
[PlyCount "48"]
[EventDate "2018.09.30"]
[EventType "team-tourn"]
[EventRounds "11"]
[EventCountry "BEL"]
[SourceTitle "CBM 189 Extra"]
[Source "ChessBase"]
[SourceDate "2019.06.03"]
[SourceVersion "1"]
[SourceVersionDate "2019.06.03"]
[SourceQuality "1"]
[WhiteTeam "Boitsfort"]
[BlackTeam "Echiquier Mosan"]
[WhiteTeamCountry "BEL"]
[BlackTeamCountry "BEL"]

1. e4 d5 2. exd5 Qxd5 3. Nf3 Bg4 4. Be2 Nc6 5. d4 0-0-0 6. Be3 e5 7. c4 Qa5+ 8. Bd2 Bb4 9. d5 Bxf3 10. Bxf3 Nd4 11. a3 Bxd2+ 12. Nxd2 f5 13. 0-0 Qa6 14. Re1 e4 15. Bxe4 fxe4 16. Qg4+ Kb8 17. Qxg7 Nf6 18. Rac1 Rhg8 19. Qh6 Qb6 20. c5 Qxb2 21. Nc4 Qxf2+ 22. Kxf2 Ng4+ 23. Kf1 Nxh6 24. Rxe4 Rxd5 0-1

[Event "BEL-chT 1819"]
[Site "Belgium"]
[Date "2018.10.07"]
[Round "2.3"]
[White "Van der Lende, Ilias"]
[Black "Carmeille, Ludovic"]
[Result "1/2-1/2"]
[WhiteElo "2331"]
[BlackElo "2264"]
[PlyCount "132"]
[EventDate "2018.09.30"]
[EventType "team-tourn"]
[EventRounds "11"]
[EventCountry "BEL"]
[SourceTitle "CBM 186 Extra"]
[Source "ChessBase"]
[SourceDate "2018.08.24"]
[SourceVersion "1"]
[SourceVersionDate "2018.08.24"]
[SourceQuality "1"]
[WhiteTeam "Wachtebeke"]
[BlackTeam "Boitsfort"]
[WhiteTeamCountry "BEL"]
[BlackTeamCountry "BEL"]

1. e4 c5 2. c3 Nf6 3. e5 Nd5 4. d4 cxd4 5. Nf3 Nc6 6. cxd4 d6 7. Bc4 dxe5 8. Nxe5 e6 9. 0-0 Nb6 10. Bb5 Bd7 11. Nxd7 Qxd7 12. Nc3 Be7 13. Qg4 0-0 14. Bxc6 bxc6 15. Bh6 Bf6 16. Rfd1 Kh8 17. Ne4 Qe7 18. Bf4 Rfd8 19. Rac1 Rac8 20. Be5 Bxe5 21. dxe5 Rd5 22. Nd6 Rc7 23. Qf4 Kg8 24. h4 h6 25. g3 Nd7 26. Rxd5 exd5 27. Nf5 Qxe5 28. Ne7+ Kh7 29. Qxf7 Nf6 30. Qg6+ Kh8 31. Qxh6+ gxh6 32. Ng6+ Kg7 33. Nxe5 c5 34. g4 Kf8 35. f4 Nxg4 36. Rxc5 Rxc5 37. Nd7+ Ke7 38. Nxc5 Kf6 39. Kg2 Kf5 40. Kf3 h5 41. b4 Nh2+ 42. Kg2 Ng4 43. Kg3 Ne3 44. b5 Nc2 45. a4 Nd4 46. Nd7 Ke6 47. Ne5 Nf5+ 48. Kf2 Kd6 49. a5 Nxh4 50. Nc6 a6 51. Nd8 Kc7 52. Ne6+ Kc8 53. b6 Nf5 54. Nc7 Nd6 55. Nxa6 Nc4 56. Nc7 Nxa5 57. Nxd5 Kb7 58. f5 Nc4 59. f6 Nd6 60. Kg2 Kc6 61. Kf3 h4 62. Kf4 h3 63. Kf3 Ne4 64. f7 Ng5+ 65. Kg3 Nxf7 66. Kxh3 Nd6 1/2-1/2

[Event "BEL-chT 1516"]
[Site "Belgium"]
[Date "2016.04.24"]
[Round "11.1"]
[White "Docx, Stefan"]
[Black "Carmeille, Ludovic"]
[Result "0-1"]
[WhiteElo "2420"]
[BlackElo "2311"]
[PlyCount "35"]
[EventDate "2015.09.27"]
[EventType "team-tourn"]
[EventRounds "11"]
[EventCountry "BEL"]
[SourceTitle "EXT 2017"]
[Source "ChessBase"]
[SourceDate "2016.10.25"]
[SourceVersion "1"]
[SourceVersionDate "2016.10.25"]
[SourceQuality "1"]
[WhiteTeam "Borgerhout"]
[BlackTeam "Namur"]
[WhiteTeamCountry "BEL"]
[BlackTeamCountry "BEL"]

1. d4 d5 2. c4 c6 3. Nc3 Nf6 4. cxd5 cxd5 5. Bf4 Nc6 6. e3 Bf5 7. Qb3 Na5 8. Qa4+ Bd7 9. Qc2 Rc8 10. Nf3 e6 11. Bd3 b5 12. a3 Nc4 13. 0-0 Be7 14. Ne5 Nxe5 15. Bxe5 Ng4 16. Bg3 h5 17. Qe2 a6 18. f3 0-1

[Event "BEL-chT 1516"]
[Site "Belgium"]
[Date "2015.11.29"]
[Round "5.2"]
[White "Draftian, Ashote"]
[Black "Carmeille, Ludovic"]
[Result "1/2-1/2"]
[WhiteElo "2294"]
[BlackElo "2311"]
[PlyCount "77"]
[EventDate "2015.09.27"]
[EventType "team-tourn"]
[EventRounds "11"]
[EventCountry "BEL"]
[SourceTitle "CBM 169 Extra"]
[Source "ChessBase"]
[SourceDate "2015.12.18"]
[SourceVersion "1"]
[SourceVersionDate "2015.12.18"]
[SourceQuality "1"]
[WhiteTeam "Jean Jaures"]
[BlackTeam "Namur"]
[WhiteTeamCountry "BEL"]
[BlackTeamCountry "BEL"]

1. f4 d5 2. e3 g6 3. Nf3 Bg7 4. d4 Nh6 5. Bd3 c5 6. c3 Nc6 7. 0-0 cxd4 8. exd4 0-0 9. Na3 a6 10. Nc2 Bf5 11. Ne3 e6 12. Be2 Ng4 13. Nxg4 Bxg4 14. h3 Bxf3 15. Bxf3 b5 16. g4 b4 17. f5 Qh4 18. Kh2 bxc3 19. bxc3 Bh6 20. Qe1 Qxe1 21. Rxe1 Bxc1 22. Raxc1 Rab8 23. Rb1 Rxb1 24. Rxb1 Rb8 25. Rxb8+ Nxb8 26. Kg3 g5 27. Be2 Kg7 28. fxe6 fxe6 29. Kf3 Kf6 30. Ke3 Ke7 31. c4 h6 32. c5 Kd7 33. Kd3 Kc7 34. Kc3 Kb7 35. Bd3 Nc6 36. Bh7 Ne7 37. Bc2 Kc7 38. Bd3 Kb7 39. Bc2 1/2-1/2

[Event "BEL-chT 1516"]
[Site "Belgium"]
[Date "2015.11.22"]
[Round "4.2"]
[White "Carmeille, Ludovic"]
[Black "Godart, Francois"]
[Result "0-1"]
[WhiteElo "2311"]
[BlackElo "2413"]
[PlyCount "102"]
[EventDate "2015.09.27"]
[EventType "team-tourn"]
[EventRounds "11"]
[EventCountry "BEL"]
[SourceTitle "EXT 2017"]
[Source "ChessBase"]
[SourceDate "2016.10.25"]
[SourceVersion "1"]
[SourceVersionDate "2016.10.25"]
[SourceQuality "1"]
[WhiteTeam "Namur"]
[BlackTeam "Liege Crelel"]
[WhiteTeamCountry "BEL"]
[BlackTeamCountry "BEL"]

1. e4 e6 2. d4 d5 3. Nc3 Nf6 4. e5 Nfd7 5. f4 c5 6. Nf3 Nc6 7. Be3 a6 8. Qd2 b5 9. dxc5 Bxc5 10. Bd3 0-0 11. Bxc5 Nxc5 12. 0-0 b4 13. Ne2 a5 14. Qe3 Qb6 15. Kh1 Na4 16. Bxh7+ Kxh7 17. Ng5+ Kg8 18. Qh3 Re8 19. Qh7+ Kf8 20. Qh8+ Ke7 21. Qxg7 Kd7 22. f5 Nd8 23. fxe6+ Nxe6 24. Nxe6 Rxe6 25. Rxf7+ Kc6 26. Rd1 Kb5 27. Rxd5+ Ka6 28. Nd4 Rg6 29. Qxg6 Qxg6 30. Rf6+ Qxf6 31. exf6 Ra7 32. Rd6+ Nb6 33. h3 Rh7 34. Kh2 Kb7 35. Ne6 Nc4 36. Ng5 Nxd6 37. Nxh7 Be6 38. g4 Bxa2 39. g5 Bg8 40. g6 a4 41. Ng5 a3 42. bxa3 bxa3 43. Ne4 Nf7 44. Nc5+ Kc6 45. Nb3 Ne5 46. f7 Nxf7 47. gxf7 Bxf7 48. Nc1 Kc5 49. Kg3 Kc4 50. Kf4 Kc3 51. Ke3 Bc4 0-1

[Event "BEL-chT 1516"]
[Site "Belgium"]
[Date "2015.10.11"]
[Round "2.2"]
[White "Carmeille, Ludovic"]
[Black "Pijpers, Arthur"]
[Result "0-1"]
[WhiteElo "2311"]
[BlackElo "2444"]
[PlyCount "56"]
[EventDate "2015.09.27"]
[EventType "team-tourn"]
[EventRounds "11"]
[EventCountry "BEL"]
[SourceTitle "CBM 168 Extra"]
[Source "ChessBase"]
[SourceDate "2015.10.29"]
[SourceVersion "1"]
[SourceVersionDate "2015.10.29"]
[SourceQuality "1"]
[WhiteTeam "Namur"]
[BlackTeam "KGSRL"]
[WhiteTeamCountry "BEL"]
[BlackTeamCountry "BEL"]

1. e4 e6 2. d4 d5 3. Nc3 Nf6 4. e5 Nfd7 5. f4 c5 6. Nf3 Nc6 7. Be3 a6 8. Qd2 Be7 9. dxc5 Nxc5 10. Qf2 Qa5 11. 0-0-0 Ne4 12. Nxe4 dxe4 13. Nd2 Qxa2 14. Bc4 Qa1+ 15. Nb1 b5 16. Bc5 bxc4 17. Bxe7 Nxe7 18. Qb6 0-0 19. Rd8 Bd7 20. Rxd7 Nd5 21. Qd6 c3 22. Rb7 Nxf4 23. bxc3 Rad8 24. Rd7 Rxd7 25. Qxd7 e3 26. Qb7 Ne2+ 27. Kd1 Nxc3+ 28. Kc1 Rd8 0-1

[Event "Maastricht Limburg op-A 8th"]
[Site "Maastricht"]
[Date "2014.06.08"]
[Round "4"]
[White "Gerlagh, Joris"]
[Black "Carmeille, Ludovic"]
[Result "0-1"]
[WhiteElo "2103"]
[BlackElo "2321"]
[PlyCount "80"]
[EventDate "2014.06.06"]
[EventType "swiss"]
[EventRounds "7"]
[EventCountry "NED"]
[SourceTitle "CBM 160 Extra"]
[Source "ChessBase"]
[SourceDate "2014.07.01"]
[SourceVersion "1"]
[SourceVersionDate "2014.07.01"]
[SourceQuality "1"]

1. d4 d5 2. c4 c6 3. Nf3 Nf6 4. Qc2 Bg4 5. Ne5 Bh5 6. Qb3 Qb6 7. c5 Qxb3 8. axb3 Nfd7 9. Bf4 Nxe5 10. Bxe5 Nd7 11. b4 Nxe5 12. dxe5 f6 13. exf6 gxf6 14. b5 e6 15. b4 cxb5 16. e3 Be7 17. Bxb5+ Kf7 18. 0-0 a5 19. Rxa5 Rxa5 20. bxa5 Bxc5 21. Rc1 Bd6 22. Nd2 Ke7 23. g3 Bg6 24. Nb3 e5 25. Kf1 Bf7 26. Ke2 Rg8 27. Nd2 h5 28. Nf3 Be6 29. Nd2 Rg4 30. f4 Rg8 31. Bd3 h4 32. Rb1 Bc8 33. Kf2 Bc5 34. Rb5 Kd6 35. Bc2 exf4 36. gxf4 Bh3 37. Rb3 Rg2+ 38. Ke1 Rxh2 39. e4 Rh1+ 40. Ke2 Bg4+ 0-1

[Event "BEL-chT 1314"]
[Site "Belgium"]
[Date "2014.02.09"]
[Round "9.1"]
[White "Hera, Imre Jr"]
[Black "Carmeille, Ludovic"]
[Result "1-0"]
[WhiteElo "2564"]
[BlackElo "2345"]
[PlyCount "75"]
[EventDate "2013.09.22"]
[EventType "team-tourn"]
[EventRounds "11"]
[EventCountry "BEL"]
[SourceTitle "EXT 2015"]
[Source "ChessBase"]
[SourceDate "2014.11.20"]
[SourceVersion "1"]
[SourceVersionDate "2014.11.20"]
[SourceQuality "1"]
[WhiteTeam "Wirtzfeld"]
[BlackTeam "Anderlecht"]
[WhiteTeamCountry "BEL"]
[BlackTeamCountry "BEL"]

1. d4 d5 2. c4 c6 3. Nf3 Nf6 4. Nc3 a6 5. c5 Nbd7 6. Bf4 Nh5 7. Bg5 h6 8. Bd2 Nhf6 9. Bf4 Nh5 10. Be5 Nxe5 11. Nxe5 Nf6 12. e3 Nd7 13. f4 Nxe5 14. fxe5 Bf5 15. Bd3 e6 16. 0-0 Qg5 17. Bxf5 exf5 18. Rf3 g6 19. Qb3 Qe7 20. Raf1 Rh7 21. g4 0-0-0 22. gxf5 gxf5 23. Rxf5 Qh4 24. Qc2 Be7 25. Kh1 Rg8 26. R5f4 Qg5 27. Qf5+ Kd8 28. Qxg5 Bxg5 29. R4f3 Ke8 30. e4 Bd2 31. exd5 Bxc3 32. Rxc3 cxd5 33. Rb3 Rg4 34. Rxb7 Rhg7 35. c6 Kd8 36. e6 f6 37. Rc1 Kc8 38. c7 1-0

[Event "BEL-chT 1314"]
[Site "Belgium"]
[Date "2013.09.22"]
[Round "1.1"]
[White "Orlov, Andrey"]
[Black "Carmeille, Ludovic"]
[Result "1/2-1/2"]
[WhiteElo "2511"]
[BlackElo "2345"]
[PlyCount "55"]
[EventDate "2013.09.22"]
[EventType "team-tourn"]
[EventRounds "11"]
[EventCountry "BEL"]
[SourceTitle "EXT 2015"]
[Source "ChessBase"]
[SourceDate "2014.11.20"]
[SourceVersion "1"]
[SourceVersionDate "2014.11.20"]
[SourceQuality "1"]
[WhiteTeam "Fontaine"]
[BlackTeam "Anderlecht"]
[WhiteTeamCountry "BEL"]
[BlackTeamCountry "BEL"]

1. e4 c5 2. Nf3 d6 3. Bb5+ Nd7 4. 0-0 a6 5. Bxd7+ Bxd7 6. d4 cxd4 7. Qxd4 e5 8. Qd3 h6 9. c4 Nf6 10. Nc3 Rc8 11. Be3 Be7 12. h3 0-0 13. a4 Bc6 14. Nd2 Nxe4 15. Ndxe4 f5 16. Nd2 f4 17. Nd5 fxe3 18. fxe3 Kh8 19. Ne4 Bxd5 20. Qxd5 Qb6 21. Qd3 Rxf1+ 22. Rxf1 Qxb2 23. c5 dxc5 24. Qd7 Rf8 25. Rxf8+ Bxf8 26. Qf5 Be7 27. Qc8+ Kh7 28. Qf5+ 1/2-1/2

[Event "BEL-chT 1213"]
[Site "Belgium"]
[Date "2013.01.13"]
[Round "7.2"]
[White "Levin, Felix"]
[Black "Carmeille, Ludovic"]
[Result "1/2-1/2"]
[WhiteElo "2520"]
[BlackElo "2339"]
[PlyCount "156"]
[EventDate "2012.09.23"]
[EventType "team-tourn"]
[EventRounds "11"]
[EventCountry "BEL"]
[SourceTitle "EXT 2015"]
[Source "ChessBase"]
[SourceDate "2014.11.20"]
[SourceVersion "1"]
[SourceVersionDate "2014.11.20"]
[SourceQuality "1"]
[WhiteTeam "Eynatten"]
[BlackTeam "Anderlecht"]
[WhiteTeamCountry "BEL"]
[BlackTeamCountry "BEL"]

1. Nf3 d5 2. d4 Nf6 3. c4 c6 4. e3 a6 5. Nc3 b5 6. c5 Nbd7 7. a3 e5 8. b4 e4 9. Nd2 a5 10. Bb2 Be7 11. Nb3 axb4 12. axb4 Rxa1 13. Qxa1 0-0 14. Qa5 Nb8 15. Qxd8 Bxd8 16. f3 Re8 17. Kd2 Na6 18. Ba3 Bd7 19. Be2 Bc7 20. h3 exf3 21. gxf3 Bg3 22. Bd3 h5 23. h4 Nc7 24. Nc1 Ne6 25. N1e2 Bc7 26. Rg1 g6 27. Kc2 Bd8 28. Bc1 Nh7 29. Rh1 Bf6 30. Bd2 Nhf8 31. Be1 Nc7 32. Bf2 Ra8 33. e4 Nfe6 34. Kb3 Ra7 35. Kb2 Kf8 36. Bc2 Ng7 37. Bb3 Be6 38. exd5 cxd5 39. Nf4 Nf5 40. Nfxd5 Nxd5 41. Bxd5 Bxd5 42. Nxd5 Bxd4+ 43. Bxd4 Nxd4 44. Nc3 Nc6 45. Rd1 Nxb4 46. Rd6 Rc7 47. Ne4 Rc6 48. Rd7 Ke8 49. Rd4 Na6 50. Nd6+ Kf8 51. Nxb5 Nxc5 52. Rd5 Ne6 53. Nd6 Ke7 54. Ne4 f5 55. Nd2 Rd6 56. Rxd6 Kxd6 57. Nc4+ Kd5 58. Kc3 Nf4 59. Ne3+ Kc5 60. Kd2 Kd4 61. Nc2+ Ke5 62. Ne1 Nd5 63. Nd3+ Kd4 64. Ne1 Ne3 65. Ke2 f4 66. Kd2 Ke5 67. Ke2 Kf5 68. Kf2 g5 69. hxg5 Kxg5 70. Nd3 h4 71. Kg1 Nc4 72. Kg2 Ne3+ 73. Kh3 Nf5 74. Nf2 Nd4 75. Kg2 Kf5 76. Nd3 h3+ 77. Kxh3 Nxf3 78. Nxf4 Kxf4 1/2-1/2

[Event "BEL-chT 1213"]
[Site "Belgium"]
[Date "2012.11.18"]
[Round "4.1"]
[White "Carmeille, Ludovic"]
[Black "Houriez, Clement"]
[Result "1/2-1/2"]
[WhiteElo "2339"]
[BlackElo "2292"]
[PlyCount "56"]
[EventDate "2012.09.23"]
[EventType "team-tourn"]
[EventRounds "11"]
[EventCountry "BEL"]
[SourceTitle "CBM 151 Extra"]
[Source "ChessBase"]
[SourceDate "2012.12.18"]
[SourceVersion "1"]
[SourceVersionDate "2012.12.18"]
[SourceQuality "1"]
[WhiteTeam "Anderlecht"]
[BlackTeam "Charleroi CREC"]
[WhiteTeamCountry "BEL"]
[BlackTeamCountry "BEL"]

1. e4 c5 2. Nf3 d6 3. d4 Nf6 4. Nc3 cxd4 5. Nxd4 a6 6. h3 e5 7. Nde2 h5 8. Bg5 Be7 9. Bxf6 Bxf6 10. Nd5 Bg5 11. Nec3 Nc6 12. a4 Be6 13. Bc4 Rc8 14. 0-0 g6 15. Kh1 0-0 16. Ba2 Qa5 17. Rb1 Nb4 18. Bb3 Rfd8 19. Qe1 Nxd5 20. Nxd5 Qxe1 21. Rfxe1 Bxd5 22. Bxd5 Rxc2 23. Bxb7 a5 24. b4 Bd2 25. Re2 axb4 26. a5 b3 27. a6 Rc1+ 28. Rxc1 Bxc1 1/2-1/2

[Event "BEL-chT 1213"]
[Site "Belgium"]
[Date "2012.10.07"]
[Round "2.3"]
[White "Carmeille, Ludovic"]
[Black "Lazarev, Vladimir"]
[Result "1/2-1/2"]
[WhiteElo "2339"]
[BlackElo "2417"]
[PlyCount "74"]
[EventDate "2012.09.23"]
[EventType "team-tourn"]
[EventRounds "11"]
[EventCountry "BEL"]
[SourceTitle "CBM 150 Extra"]
[Source "ChessBase"]
[SourceDate "2012.10.19"]
[SourceVersion "1"]
[SourceVersionDate "2012.10.19"]
[SourceQuality "1"]
[WhiteTeam "Anderlecht"]
[BlackTeam "Rochade"]
[WhiteTeamCountry "BEL"]
[BlackTeamCountry "BEL"]

1. e4 c5 2. a3 g6 3. h4 h5 4. Nc3 Bg7 5. Bc4 Nc6 6. Nge2 d6 7. d3 e6 8. Bg5 Nge7 9. Qd2 a6 10. Ba2 b5 11. 0-0 Bb7 12. f4 Nd4 13. f5 gxf5 14. exf5 Ndxf5 15. Rxf5 exf5 16. Nf4 Bd4+ 17. Kh1 f6 18. Ne6 Qb6 19. Nxd4 fxg5 20. Ne6 gxh4 21. Qg5 Kd7 22. Nf4 Rae8 23. Be6+ Kc7 24. Re1 b4 25. Bf7 bxc3 26. Bxe8 Rxe8 27. Rxe7+ Rxe7 28. Qxe7+ Kb8 29. bxc3 h3 30. Nxh3 Ka7 31. Nf4 Qb2 32. Qxd6 Qxc3 33. a4 Qe1+ 34. Kh2 Qh4+ 35. Kg1 Qe1+ 36. Kh2 Qh4+ 37. Kg1 Qe1+ 1/2-1/2

[Event "Oberliga Ost-B 0809"]
[Site "Germany"]
[Date "2009.02.01"]
[Round "7.1"]
[White "Carmeille, Ludovic"]
[Black "Grafl, Florian"]
[Result "1/2-1/2"]
[WhiteElo "2314"]
[BlackElo "2396"]
[PlyCount "103"]
[EventDate "2008.10.26"]
[EventType "team-tourn"]
[EventRounds "11"]
[EventCountry "GER"]
[SourceTitle "EXT 2010"]
[Source "ChessBase"]
[SourceDate "2010.11.25"]
[SourceVersion "1"]
[SourceVersionDate "2010.11.25"]
[SourceQuality "1"]
[WhiteTeam "Frankfurt BvK"]
[BlackTeam "Hungen Lich"]
[WhiteTeamCountry "GER"]
[BlackTeamCountry "GER"]

1. e4 d5 2. exd5 Qxd5 3. Nc3 Qd6 4. d4 Nf6 5. Nf3 a6 6. g3 Bg4 7. Bg2 Nc6 8. h3 Bh5 9. 0-0 0-0-0 10. Bf4 Qb4 11. g4 Bg6 12. a3 Qxb2 13. Qe1 e6 14. Rb1 Qxc2 15. Ne5 Nd5 16. Rc1 Nxf4 17. Rxc2 Nxg2 18. Kxg2 Nxe5 19. Qxe5 Bxc2 20. Rc1 Bd6 21. Qxg7 Bg6 22. a4 h5 23. f3 hxg4 24. fxg4 Rh7 25. Qf6 Rdh8 26. Qf3 Rxh3 27. Qxh3 Rxh3 28. Kxh3 c6 29. Re1 b5 30. Ne4 Bxe4 31. Rxe4 bxa4 32. d5 exd5 33. Rxa4 f6 34. Rxa6 Kb7 35. Ra1 c5 36. Kg2 c4 37. Kf3 Kc6 38. Ra6+ Kc5 39. Ra1 Be5 40. Re1 Bb2 41. Re8 Bc1 42. Ke2 Bf4 43. Rf8 Be5 44. Ke3 Bd4+ 45. Kd2 Kd6 46. Re8 Kd7 47. Rg8 Be5 48. Ke3 Ke6 49. g5 d4+ 50. Ke4 f5+ 51. Kf3 Kf7 52. Rc8 1/2-1/2

[Event "Oberliga Ost-B 0809"]
[Site "Germany"]
[Date "2008.11.29"]
[Round "2.1"]
[White "Reschke, Stefan"]
[Black "Carmeille, Ludovic"]
[Result "1-0"]
[WhiteElo "2383"]
[BlackElo "2314"]
[PlyCount "65"]
[EventDate "2008.10.26"]
[EventType "team-tourn"]
[EventRounds "11"]
[EventCountry "GER"]
[SourceTitle "EXT 2010"]
[Source "ChessBase"]
[SourceDate "2010.11.25"]
[SourceVersion "1"]
[SourceVersionDate "2010.11.25"]
[SourceQuality "1"]
[WhiteTeam "Offenbach"]
[BlackTeam "Frankfurt BvK"]
[WhiteTeamCountry "GER"]
[BlackTeamCountry "GER"]

1. Nf3 d5 2. g3 Nf6 3. Bg2 Bg4 4. c4 c6 5. cxd5 cxd5 6. Qb3 Qc8 7. Nc3 e6 8. Ne5 Bf5 9. Qa4+ Nbd7 10. g4 Bc2 11. b3 a6 12. Nxd7 Nxd7 13. Bb2 Bg6 14. Qf4 Qb8 15. Qxb8+ Rxb8 16. Nd1 Nf6 17. Be5 Rc8 18. Ne3 Be7 19. f4 Ne4 20. f5 exf5 21. gxf5 Bh4+ 22. Bg3 Nxg3 23. hxg3 Bxg3+ 24. Kd1 Be5 25. Rc1 Rxc1+ 26. Kxc1 d4 27. Nc4 Bxf5 28. Nxe5 Bc8 29. Bd5 0-0 30. Nxf7 g6 31. Ng5+ Kg7 32. Rxh7+ Kf6 33. Nf3 1-0

[Event "Oberliga Ost-B 0708"]
[Site "Germany"]
[Date "2008.01.20"]
[Round "7.2"]
[White "Malek, Daniel"]
[Black "Carmeille, Ludovic"]
[Result "0-1"]
[WhiteElo "2292"]
[BlackElo "2297"]
[PlyCount "76"]
[EventDate "2007.10.07"]
[EventType "team-tourn"]
[EventRounds "11"]
[EventCountry "GER"]
[SourceTitle "EXT 2009"]
[Source "ChessBase"]
[SourceDate "2008.11.26"]
[SourceVersion "1"]
[SourceVersionDate "2008.11.26"]
[SourceQuality "1"]
[WhiteTeam "Oberursel"]
[BlackTeam "Frankfurt BvK"]
[WhiteTeamCountry "GER"]
[BlackTeamCountry "GER"]

1. d4 d5 2. c4 c6 3. Nf3 Nf6 4. e3 a6 5. Nbd2 e6 6. Qc2 Nbd7 7. Bd3 c5 8. b3 Be7 9. 0-0 0-0 10. cxd5 exd5 11. Bb2 cxd4 12. Bxd4 Re8 13. h3 Bd6 14. Rfd1 Qe7 15. Rac1 Ne4 16. Qb1 f5 17. Nf1 Ndf6 18. Qa1 Bd7 19. Bb2 Rad8 20. a3 Rf8 21. b4 Rde8 22. Bc2 f4 23. Re1 Qf7 24. Be5 fxe3 25. Rxe3 Be7 26. Bb3 Bc6 27. Rc2 Kh8 28. Ng3 Qg6 29. Ne2 Nh5 30. Qd4 Ng5 31. Nxg5 Bxg5 32. f4 Bf6 33. Rc1 Bxe5 34. fxe5 Qg5 35. Rf1 Rxf1+ 36. Kxf1 Bb5 37. Bd1 Ng3+ 38. Kg1 Nf5 0-1

[Event "Oberliga Ost-B 0708"]
[Site "Germany"]
[Date "2008.01.19"]
[Round "6.2"]
[White "Carmeille, Ludovic"]
[Black "Buchal, Stephan"]
[Result "1/2-1/2"]
[WhiteElo "2297"]
[BlackElo "2292"]
[PlyCount "38"]
[EventDate "2007.10.07"]
[EventType "team-tourn"]
[EventRounds "11"]
[EventCountry "GER"]
[SourceTitle "EXT 2009"]
[Source "ChessBase"]
[SourceDate "2008.11.26"]
[SourceVersion "1"]
[SourceVersionDate "2008.11.26"]
[SourceQuality "1"]
[WhiteTeam "Frankfurt BvK"]
[BlackTeam "Hofheim II"]
[WhiteTeamCountry "GER"]
[BlackTeamCountry "GER"]

1. e4 g6 2. d4 Bg7 3. Be3 d6 4. Nc3 a6 5. Qd2 Nd7 6. 0-0-0 b5 7. f3 Bb7 8. h4 h5 9. Nh3 Rc8 10. Kb1 c5 11. dxc5 Nxc5 12. Ng5 Qc7 13. Bd4 Nf6 14. g3 0-0 15. Bh3 Rcd8 16. Nd5 Bxd5 17. exd5 Qb7 18. Rhe1 Rde8 19. Qf2 Nxd5 1/2-1/2

[Event "Oberliga Ost-B 0708"]
[Site "Germany"]
[Date "2007.11.25"]
[Round "4.2"]
[White "Carmeille, Ludovic"]
[Black "Langheinrich, Ferenc"]
[Result "1/2-1/2"]
[WhiteElo "2297"]
[BlackElo "2421"]
[PlyCount "73"]
[EventDate "2007.10.07"]
[EventType "team-tourn"]
[EventRounds "11"]
[EventCountry "GER"]
[SourceTitle "EXT 2009"]
[Source "ChessBase"]
[SourceDate "2008.11.26"]
[SourceVersion "1"]
[SourceVersionDate "2008.11.26"]
[SourceQuality "1"]
[WhiteTeam "Frankfurt BvK"]
[BlackTeam "Erfurt Empor"]
[WhiteTeamCountry "GER"]
[BlackTeamCountry "GER"]

1. e4 c5 2. a3 e6 3. b4 cxb4 4. axb4 Bxb4 5. Bb2 Nf6 6. e5 Nd5 7. c4 Ne7 8. Na3 Nf5 9. Bd3 0-0 10. Qg4 d5 11. Nf3 dxc4 12. Qxc4 Nc6 13. Be4 a5 14. 0-0 Bd7 15. d4 Nh4 16. Qd3 Nxf3+ 17. Qxf3 Rc8 18. Rad1 Qe7 19. Nc4 f5 20. exf6 Rxf6 21. Qd3 Rh6 22. g3 Bd6 23. Bc1 Nb4 24. Qe2 Bb5 25. Bxh6 Bxc4 26. Qg4 Bxf1 27. Rxf1 Re8 28. Ra1 b6 29. h4 Nd5 30. Bg5 Qf7 31. Bd3 Rf8 32. Rf1 a4 33. Qe4 g6 34. f4 a3 35. h5 a2 36. Ra1 Nc3 37. Qc6 1/2-1/2

[Event "Oberliga Ost-B 0708"]
[Site "Germany"]
[Date "2007.11.04"]
[Round "3.2"]
[White "Carmeille, Ludovic"]
[Black "Minor, Samuel"]
[Result "1-0"]
[WhiteElo "2297"]
[BlackElo "2168"]
[PlyCount "71"]
[EventDate "2007.10.07"]
[EventType "team-tourn"]
[EventRounds "11"]
[EventCountry "GER"]
[SourceTitle "EXT 2009"]
[Source "ChessBase"]
[SourceDate "2008.11.26"]
[SourceVersion "1"]
[SourceVersionDate "2008.11.26"]
[SourceQuality "1"]
[WhiteTeam "Frankfurt BvK"]
[BlackTeam "Dotzheim"]
[WhiteTeamCountry "GER"]
[BlackTeamCountry "GER"]

1. e4 c5 2. Nf3 d6 3. d4 cxd4 4. Nxd4 Nf6 5. Nc3 a6 6. Be2 e5 7. Nb3 Be7 8. 0-0 Be6 9. f4 exf4 10. Bxf4 Nc6 11. Kh1 0-0 12. Qe1 Nd7 13. Rd1 Nde5 14. Nd5 Rc8 15. c4 f5 16. exf5 Rxf5 17. c5 Bxd5 18. Rxd5 Rc7 19. Qd2 Rd7 20. Bg4 Nxg4 21. Rxf5 dxc5 22. Qe2 Nf6 23. Nxc5 Bxc5 24. Rxc5 Qb6 25. Qc4+ Kh8 26. b3 Rd4 27. Qc1 Kg8 28. Bg5 Nd7 29. Rcf5 Re4 30. Qd1 Nd4 31. Rd5 Nf8 32. Rd8 Nde6 33. Qd5 Qxd8 34. Bxd8 Rd4 35. Rxf8+ Kxf8 36. Qf5+ 1-0

[Event "Oberliga Ost-B 0607"]
[Site "Germany"]
[Date "2007.03.18"]
[Round "8.3"]
[White "Grabarczyk, Bogdan"]
[Black "Carmeille, Ludovic"]
[Result "1-0"]
[WhiteElo "2462"]
[BlackElo "2301"]
[PlyCount "72"]
[EventDate "2006.10.15"]
[EventType "team-tourn"]
[EventRounds "11"]
[EventCountry "GER"]
[SourceTitle "EXT 2008"]
[Source "ChessBase"]
[SourceDate "2007.11.25"]
[SourceVersion "1"]
[SourceVersionDate "2007.11.25"]
[SourceQuality "1"]
[WhiteTeam "Griesheim"]
[BlackTeam "Frankfurt BvK"]
[WhiteTeamCountry "GER"]
[BlackTeamCountry "GER"]

1. e4 c5 2. Nf3 d6 3. d4 cxd4 4. Nxd4 Nf6 5. Nc3 a6 6. Bg5 e6 7. f4 Nbd7 8. Qe2 Qc7 9. 0-0-0 Be7 10. g3 0-0 11. Bg2 Nb6 12. Bh4 e5 13. Nf5 Bxf5 14. exf5 exf4 15. Rhe1 Bd8 16. gxf4 Nc4 17. Rd4 Rc8 18. Bxb7 Qxb7 19. Rxc4 Rxc4 20. Qxc4 Qf3 21. Bxf6 Bxf6 22. Nd5 Bh4 23. Qe4 Qf2 24. Rh1 Rc8 25. Kb1 Kf8 26. a3 Re8 27. Qb4 Rd8 28. Qc3 Qg2 29. Rd1 Qg4 30. Qd3 h6 31. h3 Qg2 32. Rd2 Qh1+ 33. Ka2 Re8 34. f6 g6 35. f5 a5 36. Nc7 Rd8 1-0